Acteurs, Actrices né(e)s aux Etats-Unis (Mort subite) - Statistiques

Statistiques générales
  • Ce quiz a été pris 205 fois
  • Le résultat moyen est 3 sur 15
Answers on the Grid
Answers color-coded by a green-red scale on the quiz's grid according to % correct below.
Arnold Schwarzenegger
Bruce Willis
Jim Carrey
Charlize Theron
Christian Bale
Natalie Portman
Penélope Cruz
Jackie Chan
Russel Crowe
Sean Connery
Anthony Hopkins
Kate Winslet
Keira Knightley
Margot Robbie
Milla Jovovich
Sylvester Stallone
Leonardo Di Caprio
Mel Gibson
Nicole Kidman
John Travolta
Tom Hanks
Al Pacino
Clint Eastwood
Morgan Freeman
Sandra Bullock
Scarlett Johansson
Jodie Foster
Sharon Stone
Halle Berry
Uma Thurman
 
Statistiques - réponses
Réponse % Correct
Concord Tom Hanks
38%
San Francisco Clint Eastwood
35%
Memphis Morgan Freeman
30%
Los Angeles Leonardo Di Caprio
27%
New York Sylvester Stallone
22%
Englewood John Travolta
20%
Meadville Sharon Stone
19%
New York Al Pacino
18%
Cleveland Halle Berry
17%
New York Scarlett Johansson
15%
Boston Uma Thurman
14%
Arlington Sandra Bullock
13%
Los Angeles Jodie Foster
10%
Peekskill Mel Gibson
10%
Honolulu Nicole Kidman
7%
Aucun quiz correspondant
Distribution des résultats
% des personnes avec chaque résultat
Percentile par nombre de réponses
Votre historique - résultats
Vous n’avez pas pris ce quiz